000 00770nam a22002177a 4500
003 DO-SdBNP
005 20171130110123.0
008 171108b 2003 fl a ||||| |||| 00| 0 spa d
020 _a0789911493
040 _aBPMSU
_bspa
_cBPMSU
092 _axxxx
_bxxxx
100 1 _aStanley, Andy
240 1 0 _aNext Generation Leader.
_lEspañol
245 1 0 _aEl líder de la próxima generación :
_b5 elementos esenciales para los forjadores del futuro /
_cAndy Stanley ; Traducido al español por: Carolina Galán de Jackson.
260 _aMiami, Fla. :
_bUnilit,
_c2003.
300 _a165 p. ;
_c21 cm.
700 1 2 _aGalán de Jackson, Carolina,
_dtr.
942 _2ddc
_cBK
945 _aInventariado extranjero /2017 BT
956 _aLOPEREZ
_b10
_c20171108
_d0041
999 _c12786
_d12786